Pays les plus pollués du monde en 2023 - Statistiques

Statistiques générales
  • Ce quiz a été pris 190 fois
  • Le résultat moyen est 7 sur 20
Statistiques - réponses
pollution (en %) Réponse % Correct
32,5 Chine
97%
54,4 Inde
95%
73,7 Pakistan
71%
79,9 Bangladesh
66%
37,1 Indonésie
55%
43,8 Irak
42%
37,6 Qatar
41%
43 Émirats Arabes Unis
37%
42,4 Népal
36%
42,4 Égypte
34%
39,9 Koweït
28%
39,2 Bahreïn
24%
30,4 Libye
19%
49 Tadjikistan
9%
33,1 Kirghizistan
7%
40,8 RDC
6%
33,2 Ghana
5%
46,6 Burkina Faso
3%
36,8 Rwanda
3%
33,3 Zimbabwe
2%
Aucun quiz correspondant
Distribution des résultats
% des personnes avec chaque résultat
Percentile par nombre de réponses
Votre historique - résultats
Vous n’avez pas pris ce quiz